| 000 | 00830nam a22002297a 4500 | ||
|---|---|---|---|
| 005 | 20100818111233.0 | ||
| 010 | _aENG-100813 | ||
| 020 |
_a9789380060927 _c120.00 |
||
| 035 | _aEN-84346 | ||
| 037 | _bDBAD/PUB | ||
| 082 | _a621.3815 | ||
| 100 |
_aKesavan, M. _914627 |
||
| 245 |
_aApplications and design with analogic's / _cby M. Kesavan |
||
| 260 |
_aSalem _bM. S. K. Publications _c2009 |
||
| 270 |
_a3/189-E, Athanoor Amman Kovil St., Masinayaganpatti-post, Ayyothiyappattinam _bSalem _e636103 |
||
| 300 |
_a58 p. _c22cm (Pbk) |
||
| 500 | _aIncludes bibliographical references | ||
| 650 |
_aElectronics _914628 |
||
| 700 | _94162 | ||
| 942 |
_2ddc _cEN _h621.3815 _mKES |
||
| 999 |
_c42377 _d42377 |
||